Movies Quiz

Random Movies or Letter Quiz
Score 0/93 Timer 07:00
0 Plays Today
% Correct
Batman Begins
90.2%
Batman Begins
90.2%
Batman Begins
90.2%
Jurassic Park
87%
Jurassic Park
87%
Jurassic Park
87%
V for Vendetta
86.9%
V for Vendetta
86.9%
V for Vendetta
86.9%
You've Got Mail
85.6%
You've Got Mail
85.6%
You've Got Mail
85.6%
Ocean's Eleven
85.5%
Ocean's Eleven
85.5%
Ocean's Eleven
85.5%
The Godfather
84.5%
The Godfather
84.5%
The Godfather
84.5%
Cool Hand Luke
82.7%
Cool Hand Luke
82.7%
Cool Hand Luke
82.7%
Mrs. Doubtfire
81.5%
Mrs. Doubtfire
81.5%
Mrs. Doubtfire
81.5%
Evan Almighty
81.4%
Evan Almighty
81.4%
Evan Almighty
81.4%
Jerry Maguire
80.4%
Jerry Maguire
80.4%
Jerry Maguire
80.4%
Runaway Bride
77.2%
% Correct
Runaway Bride
77.2%
Runaway Bride
77.2%
Sleepy Hollow
75%
Sleepy Hollow
75%
Sleepy Hollow
75%
Dirty Dancing
72.5%
Dirty Dancing
72.5%
Dirty Dancing
72.5%
Space Cowboys
72.2%
Space Cowboys
72.2%
Space Cowboys
72.2%
Grumpy Old Men
69.8%
Grumpy Old Men
69.8%
Grumpy Old Men
69.8%
Lethal Weapon
69.7%
Lethal Weapon
69.7%
Lethal Weapon
69.7%
Back to School
69.5%
Back to School
69.5%
Back to School
69.5%
Sudden Impact
68.1%
Sudden Impact
68.1%
Sudden Impact
68.1%
Groundhog Day
67.8%
Groundhog Day
67.8%
Groundhog Day
67.8%
Monster-in-Law
65.8%
Monster-in-Law
65.8%
Monster-in-Law
65.8%
Patriot Games
63.7%
Patriot Games
63.7%
% Correct
Patriot Games
63.7%
About Schmidt
60.7%
About Schmidt
60.7%
About Schmidt
60.7%
Casino Royale
60.6%
Casino Royale
60.6%
Casino Royale
60.6%
On Golden Pond
60.6%
On Golden Pond
60.6%
On Golden Pond
60.6%
Four Brothers
59.8%
Four Brothers
59.8%
Four Brothers
59.8%
City Slickers
58.6%
City Slickers
58.6%
City Slickers
58.6%
Vantage Point
56.5%
Vantage Point
56.5%
Vantage Point
56.5%
Over the Hedge
53.3%
Over the Hedge
53.3%
Over the Hedge
53.3%
Transformers
49.4%
Transformers
49.4%
Transformers
49.4%
Staying Alive
44%
Staying Alive
44%
Staying Alive
44%
Paths of Glory
42.2%
Paths of Glory
42.2%
Paths of Glory
42.2%
Remove Ads.
Support Sporcle.
Get the best of Sporcle when you Go Orange. This ad-free experience offers more features, more stats, and more fun while also helping to support Sporcle. Thank you for becoming a member.

You're not logged in!

Compare scores with friends on all Sporcle quizzes.
OR
Log In

Sporcle TV

Today on Sporcle TV


Watch our educational content, quiz creation guides, and fun videos on Sporcle TV.

Show Comments

Extras

Top Quizzes Today


Score Distribution

Paid Content

Your Account Isn't Verified!

In order to create a playlist on Sporcle, you need to verify the email address you used during registration. Go to your Sporcle Settings to finish the process.

Report this User

Report this user for behavior that violates our Community Guidelines.

Details: